000 01079nab a22002177i 4500
001 768714001
003 CO-MdFUSB
005 20240507123923.0
008 240507t1968 sp ||||| |||| 00| 0 spa d
040 _bspa
_cCO-MdFUSB
_dCO-MdFUSB
041 _aspa
100 _aHornef, Josef,
_eautor
245 3 _aEl diaconado como estado permanente
_c/ Josef Hornef
520 _aBreve resumen de la obra Diaconía in Christo (Quaestiones Disputatae, 15, 16), Herder, Friburgo de Br., 1962, editada por k. Rahner y H. Vorgrimler, obra clásica en lengua alemana sobre la renovación del diaconado, H. Flatten se ha ocupado minuciosamente del «diaconado según el derecho de la iglesia latina en la época actual», es decir, preconciliar.
650 7 _aIglesia
_9655
653 _aDerecho canónico
653 _aDiaconía
773 0 _049450
_982598
_oR2528
_tRevista internacional de teología Concilium
_w(CO-MdFUSB)8
_x0210-1041
_gNúmero 38, (septiembre - octubre, 1965), páginas: 277 - 286
_qpágina: 277
942 _cANA
945 _aCatherine Arias Alvarez - Practicante SENA
999 _c69550
_d69550